Statistics for Biggest Tourist Spenders

Click here to take the quiz!

General Stats

  • This quiz has been taken 29 times
  • The average score is 14 of 16

Answer Stats

AnswerSpent ($bn)% Correct
Australia28.3
100%
Canada29.5
100%
China292.2
100%
France46.8
100%
Italy24.4
100%
United States148.4
100%
Germany88.8
96%
Japan23.2
96%
United Kingdom79.6
96%
Netherlands21.2
93%
Brazil20.4
89%
South Korea27.6
85%
Russia38.4
81%
Saudi Arabia21.7
74%
Singapore22.1
52%
Belguim21.1
4%

Score Distribution

Percentile by Number Answered

Percent of People with Each Score

Your Score History

You have not taken this quiz